[Event "Stay Safe Play From Home 391"]
[Site "Emanuel Lasker Arena"]
[Date "2020.08.18"]
[Round "1"]
[White "AChessPlayer"]
[Black "NTBT_DHS"]
[Result "1-0"]
[WhiteElo "2433"]
[BlackElo "2563"]
[Annotator "RC"]
[PlyCount "117"]
[EventDate "2020.08.18"]
[EventType "swiss (blitz)"]

1. Nf3 {[%emt 0:00:01]} g6 {[%emt 0:00:01]} 2. g3 {[%emt 0:00:00]} Bg7 {[%emt 0:00:00]} 3. Bg2 {[%emt 0:00:00]} d6 {[%emt 0:00:00]} 4. O-O {[%emt 0:00:00]} Nf6 {[%emt 0:00:00]} 5. d4 {[%emt 0:00:01]} O-O {[%emt 0:00:00]} 6. Nbd2 {[%emt 0:00:00]} Nbd7 {[%emt 0:00:00]} 7. e4 {[%emt 0:00:01]} e5 {[%emt 0:00:00]} 8. c3 {[%emt 0:00:01]} Re8 {[%emt 0:00:01]} 9. Re1 {[%emt 0:00:00]} c6 {[%emt 0:00:01]} 10. h3 {[%emt 0:00:01]} Qc7 {[%emt 0:00:01]} 11. Qc2 {[%emt 0:00:01]} b5 {[%emt 0:00:01]} 12. a4 {[%emt 0:00:00]} bxa4 {[%emt 0:00:01]} 13. Qxa4 {[%emt 0:00:02]} Bb7 {[%emt 0:00:00]} 14. Qa3 {[%emt 0:00:01]} Nb6 {[%emt 0:00:04]} 15. dxe5 {[%emt 0:00:02]} dxe5 {[%emt 0:00:00]} 16. Nb3 {[%emt 0:00:01]} Nfd7 {[%emt 0:00:02]} 17. Na5 {[%emt 0:00:01]} Ba6 {[%emt 0:00:05]} 18. b3 {[%emt 0:00:03]} Bf8 {[%emt 0:00:02]} 19. Qb2 {[%emt 0:00:02]} Nc5 {[%emt 0:00:01]} 20. Qc2 {[%emt 0:00:07]} Bd3 {[%emt 0:00:03]} 21. Qa2 {[%emt 0:00:03]} Nxe4 {[%emt 0:00:07]} 22. c4 {[%emt 0:00:03]} Rad8 {[%emt 0:00:03]} 23. Ba3 {[%emt 0:00:03]} Bg7 {[%emt 0:00:05]} 24. Bb2 {[%emt 0:00:02]} Nc5 {[%emt 0:00:01]} 25. Rad1 {[%emt 0:00:02]} e4 {[%emt 0:00:01]} 26. Bxg7 {[%emt 0:00:01]} Kxg7 {[%emt 0:00:00]} 27. Qa1+ {[%emt 0:00:02]} f6 {[%emt 0:00:01]} 28. Nh2 {[%emt 0:00:01]} Qe5 {[%emt 0:00:01]} 29. Qxe5 {[%emt 0:00:02]} fxe5 {[%emt 0:00:00]} 30. Ng4 {[%emt 0:00:01]} Rd6 {[%emt 0:00:03]} 31. Ne3 {[%emt 0:00:01]} Rf6 {[%emt 0:00:01]} 32. b4 {[%emt 0:00:01]} Nca4 {[%emt 0:00:01]} 33. Ng4 {[%emt 0:00:01]} Rf5 {[%emt 0:00:03]} 34. Bxe4 {[%emt 0:00:01]} Bxe4 {[%emt 0:00:00]} 35. Rxe4 {[%emt 0:00:00]} Nc3 {[%emt 0:00:00]} 36. Ree1 {[%emt 0:00:00]} Nxd1 {[%emt 0:00:00]} 37. Rxd1 {[%emt 0:00:00]} e4 {[%emt 0:00:00]} 38. Ne3 {[%emt 0:00:01]} Rfe5 {[%emt 0:00:01]} 39. Nxc6 {[%emt 0:00:00]} R5e6 {[%emt 0:00:01]} 40. b5 {[%emt 0:00:00]} Na4 {[%emt 0:00:01]} 41. Rd7+ {[%emt 0:00:00]} Kf6 {[%emt 0:00:01]} 42. Rxa7 {[%emt 0:00:00]} h5 {[%emt 0:00:01]} 43. Nd5+ {[%emt 0:00:00]} Kg5 {[%emt 0:00:01]} 44. Rf7 {[%emt 0:00:00]} e3 {[%emt 0:00:00]} 45. f4+ {[%emt 0:00:01]} Kh6 {[%emt 0:00:00]} 46. Nxe3 {[%emt 0:00:00]} Rxe3 {[%emt 0:00:01]} 47. Ne5 {[%emt 0:00:00]} Re1+ {[%emt 0:00:00]} 48. Kf2 {[%emt 0:00:00]} R1xe5 {[%emt 0:00:00]} 49. fxe5 {[%emt 0:00:01]} Rxe5 {[%emt 0:00:00]} 50. Rb7 {[%emt 0:00:00]} Rf5+ {[%emt 0:00:00]} 51. Ke3 {[%emt 0:00:01]} Nc5 {[%emt 0:00:00]} 52. Kd4 {[%emt 0:00:00]} Nxb7 {[%emt 0:00:01]} 53. g4 {[%emt 0:00:00]} Nc5 {[%emt 0:00:00]} 54. gxf5 {[%emt 0:00:01]} Nb3+ {[%emt 0:00:00]} 55. Kd5 {[%emt 0:00:00]} Nc5 {[%emt 0:00:00]} 56. b6 {[%emt 0:00:00]} g5 {[%emt 0:00:00]} 57. b7 {[%emt 0:00:00]} Nxb7 {[%emt 0:00:01]} 58. f6 {[%emt 0:00:00]} g4 {[%emt 0:00:00]} 59. Ke6 {[%emt 0:00:00] Time Time Time (Lag: Av=1.04s, max=5.5s) (Lag: Av=1.04s, max=5.5s) (Lag: Av=1.04s, max=5.5s)} 1-0

[Event "Stay Safe Play From Home 391"]
[Site "Emanuel Lasker Arena"]
[Date "2020.08.18"]
[Round "1"]
[White "Mepe_Nika"]
[Black "Fat Kevin"]
[Result "1-0"]
[WhiteElo "2373"]
[BlackElo "1940"]
[PlyCount "77"]
[EventDate "2020.08.18"]
[EventType "swiss (blitz)"]

1. d4 {[%emt 0:00:01]} c6 {[%emt 0:00:00]} 2. e4 {[%emt 0:00:01]} d5 {[%emt 0:00:00]} 3. exd5 {[%emt 0:00:00]} cxd5 {[%emt 0:00:01]} 4. Bd3 {[%emt 0:00:00]} Nf6 {[%emt 0:00:00]} 5. c3 {[%emt 0:00:00]} Nc6 {[%emt 0:00:01]} 6. Bf4 {[%emt 0:00:01]} g6 {[%emt 0:00:00]} 7. Nd2 {[%emt 0:00:02]} Bg7 {[%emt 0:00:01]} 8. h3 {[%emt 0:00:01]} O-O {[%emt 0:00:00]} 9. g4 {[%emt 0:00:01]} Ne8 {[%emt 0:00:01]} 10. Ne2 {[%emt 0:00:01]} f6 {[%emt 0:00:01]} 11. Bg3 {[%emt 0:00:02]} e5 {[%emt 0:00:00]} 12. dxe5 {[%emt 0:00:01]} fxe5 {[%emt 0:00:00]} 13. O-O {[%emt 0:00:01]} a6 {[%emt 0:00:04]} 14. Qb3 {[%emt 0:00:01]} Na5 {[%emt 0:00:09]} 15. Qc2 {[%emt 0:00:03]} e4 {[%emt 0:00:01]} 16. Nxe4 {[%emt 0:00:01]} dxe4 {[%emt 0:00:00]} 17. Bxe4 {[%emt 0:00:00]} Nc4 {[%emt 0:00:04]} 18. Rad1 {[%emt 0:00:01]} Ncd6 {[%emt 0:00:01]} 19. c4 {[%emt 0:00:03]} Qc7 {[%emt 0:00:01]} 20. c5 {[%emt 0:00:01]} Bd7 {[%emt 0:00:15]} 21. cxd6 {[%emt 0:00:01]} Qb6 {[%emt 0:00:02]} 22. Qb3+ {[%emt 0:00:02]} Qxb3 {[%emt 0:00:02]} 23. axb3 {[%emt 0:00:00]} Rd8 {[%emt 0:00:04]} 24. Bxb7 {[%emt 0:00:01]} Be6 {[%emt 0:00:01]} 25. Bxa6 {[%emt 0:00:01]} Bxb3 {[%emt 0:00:02]} 26. Rd2 {[%emt 0:00:03]} Bh6 {[%emt 0:00:01]} 27. f4 {[%emt 0:00:02]} Rxd6 {[%emt 0:00:01]} 28. Rxd6 {[%emt 0:00:02]} Nxd6 {[%emt 0:00:00]} 29. Nd4 {[%emt 0:00:01]} Bd5 {[%emt 0:00:02]} 30. f5 {[%emt 0:00:01]} Ne4 {[%emt 0:00:00]} 31. Be5 {[%emt 0:00:03]} Be3+ {[%emt 0:00:00]} 32. Kh2 {[%emt 0:00:02]} Re8 {[%emt 0:00:00]} 33. Nf3 {[%emt 0:00:05]} Bf2 {[%emt 0:00:02]} 34. Bd3 {[%emt 0:00:01]} Bd4 {[%emt 0:00:01]} 35. Bxd4 {[%emt 0:00:02]} gxf5 {[%emt 0:00:01]} 36. gxf5 {[%emt 0:00:01]} Nd6 {[%emt 0:00:00]} 37. Rg1+ {[%emt 0:00:01]} Kf8 {[%emt 0:00:01]} 38. Ne5 {[%emt 0:00:00]} Nf7 {[%emt 0:00:00]} 39. Bc5+ {[%emt 0:00:01] Zeit Zeit Zeit (Lag: Av=0.48s, max=1.2s) (Lag: Av=0.48s, max=1.2s) (Lag: Av=0.48s, max=1.2s)} 1-0

[Event "Stay Safe Play From Home 391"]
[Site "Emanuel Lasker Arena"]
[Date "2020.08.18"]
[Round "1"]
[White "IceQueen"]
[Black "Padmaesh M K"]
[Result "0-1"]
[WhiteElo "2360"]
[BlackElo "1888"]
[PlyCount "40"]
[EventDate "2020.08.18"]
[EventType "swiss (blitz)"]

1. e4 {[%emt 0:00:01]} e6 {[%emt 0:00:02]} 2. Nf3 {[%emt 0:00:01]} d5 {[%emt 0:00:00]} 3. Nc3 {[%emt 0:00:00]} d4 {[%emt 0:00:01]} 4. Ne2 {[%emt 0:00:01]} c5 {[%emt 0:00:00]} 5. Ng3 {[%emt 0:00:00]} Nc6 {[%emt 0:00:01]} 6. Bb5 {[%emt 0:00:00]} Bd6 {[%emt 0:00:03]} 7. Bxc6+ {[%emt 0:00:00]} bxc6 {[%emt 0:00:01]} 8. d3 {[%emt 0:00:00]} e5 {[%emt 0:00:02]} 9. O-O {[%emt 0:00:01]} Ne7 {[%emt 0:00:01]} 10. Nd2 {[%emt 0:00:00]} O-O {[%emt 0:00:01]} 11. Nc4 {[%emt 0:00:01]} f5 {[%emt 0:00:02]} 12. exf5 {[%emt 0:00:02]} Nxf5 {[%emt 0:00:01]} 13. Ne4 {[%emt 0:00:00]} Qe7 {[%emt 0:00:03]} 14. f4 {[%emt 0:00:01]} Bc7 {[%emt 0:00:03]} 15. fxe5 {[%emt 0:00:02]} Bxe5 {[%emt 0:00:01]} 16. Bg5 {[%emt 0:00:00]} Qc7 {[%emt 0:00:02]} 17. Nxc5 {[%emt 0:00:03]} Bxh2+ {[%emt 0:00:01]} 18. Kh1 {[%emt 0:00:01]} Ng3+ {[%emt 0:00:08]} 19. Kxh2 {[%emt 0:00:01]} Nxf1+ {[%emt 0:00:01]} 20. Kg1 {[%emt 0:00:01]} Qh2# {[%emt 0:00:01] (Lag: Av=0.48s, max=1.0s) (Lag: Av=0.48s, max=1.0s) (Lag: Av=0.48s, max=1.0s)} 0-1

[Event "Stay Safe Play From Home 391"]
[Site "Emanuel Lasker Arena"]
[Date "2020.08.18"]
[Round "1"]
[White "TheCHESSHOUSE"]
[Black "Tran Minh Thang"]
[Result "0-1"]
[WhiteElo "2000"]
[BlackElo "2435"]
[PlyCount "66"]
[EventDate "2020.08.18"]
[EventType "swiss (blitz)"]

1. d4 {[%emt 0:00:04]} a6 {[%emt 0:00:01]} 2. c4 {[%emt 0:00:01]} b5 {[%emt 0:00:01]} 3. c5 {[%emt 0:00:01]} Bb7 {[%emt 0:00:01]} 4. a3 {[%emt 0:00:01]} Nf6 {[%emt 0:00:00]} 5. Nf3 {[%emt 0:00:01]} e6 {[%emt 0:00:00]} 6. Nc3 {[%emt 0:00:01]} d6 {[%emt 0:00:02]} 7. b4 {[%emt 0:00:02]} Nbd7 {[%emt 0:00:03]} 8. Bb2 {[%emt 0:00:01]} Ne4 {[%emt 0:00:00]} 9. e3 {[%emt 0:00:03]} Be7 {[%emt 0:00:01]} 10. Be2 {[%emt 0:00:01]} O-O {[%emt 0:00:02]} 11. O-O {[%emt 0:00:01]} Ndf6 {[%emt 0:00:01]} 12. Rc1 {[%emt 0:00:01]} Nxc3 {[%emt 0:00:01]} 13. Bxc3 {[%emt 0:00:01]} Bd5 {[%emt 0:00:00]} 14. Nd2 {[%emt 0:00:01]} Qc8 {[%emt 0:00:05]} 15. Bf3 {[%emt 0:00:03]} Qb7 {[%emt 0:00:01]} 16. Qe2 {[%emt 0:00:01]} a5 {[%emt 0:00:01]} 17. e4 {[%emt 0:00:01]} Bc6 {[%emt 0:00:02]} 18. d5 {[%emt 0:00:03]} exd5 {[%emt 0:00:03]} 19. exd5 {[%emt 0:00:01]} Bxd5 {[%emt 0:00:10]} 20. Qxe7 {[%emt 0:00:20]} Rfe8 {[%emt 0:00:03]} 21. Bxd5 {[%emt 0:00:01]} Nxd5 {[%emt 0:00:11]} 22. Qg5 {[%emt 0:00:02]} f6 {[%emt 0:00:00]} 23. Qg3 {[%emt 0:00:01]} axb4 {[%emt 0:00:01]} 24. axb4 {[%emt 0:00:02]} Ra3 {[%emt 0:00:00]} 25. Nb1 {[%emt 0:00:01]} Rb3 {[%emt 0:00:01]} 26. Rfd1 {[%emt 0:00:02]} Nxc3 {[%emt 0:00:01]} 27. Nxc3 {[%emt 0:00:01]} dxc5 {[%emt 0:00:00]} 28. bxc5 {[%emt 0:00:01]} b4 {[%emt 0:00:00]} 29. h3 {[%emt 0:00:00]} Rxc3 {[%emt 0:00:01]} 30. Rxc3 {[%emt 0:00:00]} bxc3 {[%emt 0:00:00]} 31. Qxc3 {[%emt 0:00:00]} Qe4 {[%emt 0:00:00]} 32. Qc4+ {[%emt 0:00:00]} Qxc4 {[%emt 0:00:01]} 33. Kh2 {[%emt 0:00:01]} Qf4+ {[%emt 0:00:01] TheCHESSHOUSE resigns TheCHESSHOUSE resigns TheCHESSHOUSE resigns (Lag: Av=1.20s, max=2.7s) (Lag: Av=1.20s, max=2.7s) (Lag: Av=1.20s, max=2.7s)} 0-1

[Event "Stay Safe Play From Home 391"]
[Site "Emanuel Lasker Arena"]
[Date "2020.08.18"]
[Round "1"]
[White "Stefanone"]
[Black "Dreamsoldier"]
[Result "1-0"]
[WhiteElo "1970"]
[BlackElo "1239"]
[PlyCount "97"]
[EventDate "2020.08.18"]
[EventType "swiss (blitz)"]

1. d4 {[%emt 0:00:01]} Nf6 {[%emt 0:00:05]} 2. e3 {[%emt 0:00:00]} g6 {[%emt 0:00:01]} 3. f4 {[%emt 0:00:00]} Bg7 {[%emt 0:00:00]} 4. Nf3 {[%emt 0:00:00]} O-O {[%emt 0:00:01]} 5. Bd3 {[%emt 0:00:00]} d6 {[%emt 0:00:00]} 6. Qe2 {[%emt 0:00:00]} Bg4 {[%emt 0:00:02]} 7. Nbd2 {[%emt 0:00:01]} Bxf3 {[%emt 0:00:00]} 8. Nxf3 {[%emt 0:00:01]} Nc6 {[%emt 0:00:00]} 9. e4 {[%emt 0:00:00]} e6 {[%emt 0:00:01]} 10. e5 {[%emt 0:00:01]} dxe5 {[%emt 0:00:02]} 11. fxe5 {[%emt 0:00:00]} Nd5 {[%emt 0:00:00]} 12. c3 {[%emt 0:00:01]} Nb6 {[%emt 0:00:01]} 13. O-O {[%emt 0:00:01]} Qe7 {[%emt 0:00:01]} 14. Ng5 {[%emt 0:00:01]} Rad8 {[%emt 0:00:01]} 15. Ne4 {[%emt 0:00:01]} Nd5 {[%emt 0:00:01]} 16. Qf2 {[%emt 0:00:01]} f5 {[%emt 0:00:01]} 17. exf6 {[%emt 0:00:01]} Nxf6 {[%emt 0:00:01]} 18. Nxf6+ {[%emt 0:00:01]} Bxf6 {[%emt 0:00:00]} 19. Qe2 {[%emt 0:00:01]} Bg7 {[%emt 0:00:01]} 20. g3 {[%emt 0:00:02]} Rd6 {[%emt 0:00:01]} 21. h4 {[%emt 0:00:01]} Rxf1+ {[%emt 0:00:01]} 22. Kxf1 {[%emt 0:00:02]} e5 {[%emt 0:00:01]} 23. Bc4+ {[%emt 0:00:04]} Kh8 {[%emt 0:00:01]} 24. Kg1 {[%emt 0:00:01]} e4 {[%emt 0:00:02]} 25. Bg5 {[%emt 0:00:01]} Qd7 {[%emt 0:00:02]} 26. Rf1 {[%emt 0:00:02]} h6 {[%emt 0:00:02]} 27. Bf4 {[%emt 0:00:02]} Kh7 {[%emt 0:00:01]} 28. Qxe4 {[%emt 0:00:01]} Ne7 {[%emt 0:00:09]} 29. Bxd6 {[%emt 0:00:01]} cxd6 {[%emt 0:00:01]} 30. Bd3 {[%emt 0:00:00]} Nf5 {[%emt 0:00:01]} 31. g4 {[%emt 0:00:01]} Nxh4 {[%emt 0:00:01]} 32. Qxg6+ {[%emt 0:00:01]} Nxg6 {[%emt 0:00:02]} 33. Rf2 {[%emt 0:00:02]} Qxg4+ {[%emt 0:00:01]} 34. Rg2 {[%emt 0:00:01]} Qd1+ {[%emt 0:00:02]} 35. Bf1 {[%emt 0:00:01]} Nf4 {[%emt 0:00:01]} 36. Rf2 {[%emt 0:00:02]} Bf6 {[%emt 0:00:02]} 37. Rxf4 {[%emt 0:00:01]} Bg5 {[%emt 0:00:01]} 38. Rf2 {[%emt 0:00:01]} Kg6 {[%emt 0:00:00]} 39. Kh2 {[%emt 0:00:02]} Qh5+ {[%emt 0:00:01]} 40. Kg1 {[%emt 0:00:01]} Qh4 {[%emt 0:00:00]} 41. Rg2 {[%emt 0:00:01]} Qf4 {[%emt 0:00:01]} 42. Rf2 {[%emt 0:00:01]} Qc1 {[%emt 0:00:01]} 43. Kg2 {[%emt 0:00:01]} Be3 {[%emt 0:00:00]} 44. Rf3 {[%emt 0:00:01]} Qe1 {[%emt 0:00:01]} 45. Rg3+ {[%emt 0:00:00]} Kh7 {[%emt 0:00:02]} 46. Rf3 {[%emt 0:00:02]} Bg5 {[%emt 0:00:01]} 47. Bd3+ {[%emt 0:00:01]} Kg7 {[%emt 0:00:02]} 48. Rf2 {[%emt 0:00:02]} Qd2 {[%emt 0:00:00]} 49. Rxd2 {[%emt 0:00:01] Zaman Zaman Zaman (Lag: Av=0.44s, max=1.0s) (Lag: Av=0.44s, max=1.0s) (Lag: Av=0.44s, max=1.0s)} 1-0

[Event "Stay Safe Play From Home 391"]
[Site "Emanuel Lasker Arena"]
[Date "2020.08.18"]
[Round "1"]
[White "Haris kollari 13"]
[Black "MihailoVujic"]
[Result "1-0"]
[WhiteElo "1733"]
[BlackElo "2216"]
[Annotator "NA"]
[PlyCount "97"]
[EventDate "2020.08.18"]
[EventType "swiss (blitz)"]

1. e4 {[%emt 0:00:01]} e5 {[%emt 0:00:00]} 2. f4 {[%emt 0:00:01]} Nc6 {[%emt 0:00:00]} 3. Nf3 {[%emt 0:00:01]} f5 {[%emt 0:00:00]} 4. exf5 {[%emt 0:00:02]} e4 {[%emt 0:00:01]} 5. Qe2 {[%emt 0:00:01]} Qe7 {[%emt 0:00:02]} 6. Ne5 {[%emt 0:00:04]} Nxe5 {[%emt 0:00:01]} 7. fxe5 {[%emt 0:00:02]} Qxe5 {[%emt 0:00:01]} 8. Nc3 {[%emt 0:00:01]} d5 {[%emt 0:00:02]} 9. d3 {[%emt 0:00:02]} Nf6 {[%emt 0:00:02]} 10. dxe4 {[%emt 0:00:01]} dxe4 {[%emt 0:00:01]} 11. Qb5+ {[%emt 0:00:01]} Qxb5 {[%emt 0:00:02]} 12. Bxb5+ {[%emt 0:00:01]} c6 {[%emt 0:00:00]} 13. Bc4 {[%emt 0:00:01]} Bxf5 {[%emt 0:00:01]} 14. Bg5 {[%emt 0:00:01]} O-O-O {[%emt 0:00:01]} 15. O-O {[%emt 0:00:01]} Bc5+ {[%emt 0:00:01]} 16. Kh1 {[%emt 0:00:02]} Bg6 {[%emt 0:00:02]} 17. Bxf6 {[%emt 0:00:01]} gxf6 {[%emt 0:00:00]} 18. Rxf6 {[%emt 0:00:01]} Rhf8 {[%emt 0:00:02]} 19. Raf1 {[%emt 0:00:03]} Rxf6 {[%emt 0:00:01]} 20. Rxf6 {[%emt 0:00:01]} e3 {[%emt 0:00:01]} 21. Rf1 {[%emt 0:00:02]} Rd2 {[%emt 0:00:01]} 22. Bd3 {[%emt 0:00:05]} Bxd3 {[%emt 0:00:02]} 23. cxd3 {[%emt 0:00:01]} e2 {[%emt 0:00:02]} 24. Re1 {[%emt 0:00:01]} Rd1 {[%emt 0:00:01]} 25. Nxd1 {[%emt 0:00:02]} exd1=Q {[%emt 0:00:01]} 26. Rxd1 {[%emt 0:00:01]} Kd7 {[%emt 0:00:01]} 27. d4 {[%emt 0:00:01]} Bb4 {[%emt 0:00:02]} 28. g3 {[%emt 0:00:00]} Kd6 {[%emt 0:00:01]} 29. Kg2 {[%emt 0:00:00]} Kd5 {[%emt 0:00:01]} 30. Kf3 {[%emt 0:00:00]} a5 {[%emt 0:00:01]} 31. Ke3 {[%emt 0:00:01]} Bd6 {[%emt 0:00:01]} 32. Rf1 {[%emt 0:00:01]} b6 {[%emt 0:00:01]} 33. Rf7 {[%emt 0:00:02]} h6 {[%emt 0:00:01]} 34. Kd3 {[%emt 0:00:01]} b5 {[%emt 0:00:01]} 35. Rf6 {[%emt 0:00:02]} h5 {[%emt 0:00:01]} 36. Rf5+ {[%emt 0:00:01]} Ke6 {[%emt 0:00:00]} 37. Rxh5 {[%emt 0:00:00]} a4 {[%emt 0:00:00]} 38. Rh6+ {[%emt 0:00:01]} Kd5 {[%emt 0:00:01]} 39. g4 {[%emt 0:00:00]} c5 {[%emt 0:00:01]} 40. dxc5 {[%emt 0:00:03]} Bxc5 {[%emt 0:00:01]} 41. Rh5+ {[%emt 0:00:00]} Kc6 {[%emt 0:00:01]} 42. Rxc5+ {[%emt 0:00:00]} Kxc5 {[%emt 0:00:00]} 43. g5 {[%emt 0:00:00]} a3 {[%emt 0:00:00]} 44. g6 {[%emt 0:00:01]} axb2 {[%emt 0:00:01]} 45. Kc2 {[%emt 0:00:00]} b1=Q+ {[%emt 0:00:01]} 46. Kxb1 {[%emt 0:00:00]} Kb4 {[%emt 0:00:00]} 47. g7 {[%emt 0:00:00]} Ka3 {[%emt 0:00:00]} 48. g8=Q {[%emt 0:00:00]} b4 {[%emt 0:00:00]} 49. Qb3# {[%emt 0:00:01] (Lag: Av=0.78s, max=1.5s) (Lag: Av=0.78s, max=1.5s) (Lag: Av=0.78s, max=1.5s)} 1-0

[Event "Stay Safe Play From Home 391"]
[Site "Emanuel Lasker Arena"]
[Date "2020.08.18"]
[Round "1"]
[White "Trotsky"]
[Black "Lamborghini"]
[Result "0-1"]
[WhiteElo "1579"]
[BlackElo "2318"]
[PlyCount "60"]
[EventDate "2020.08.18"]
[EventType "swiss (blitz)"]

1. d4 {[%emt 0:00:01]} Nf6 {[%emt 0:00:02]} 2. e3 {[%emt 0:00:01]} g6 {[%emt 0:00:00]} 3. c4 {[%emt 0:00:01]} Bg7 {[%emt 0:00:00]} 4. Nc3 {[%emt 0:00:01]} O-O {[%emt 0:00:00]} 5. Bd3 {[%emt 0:00:02]} d6 {[%emt 0:00:00]} 6. Qc2 {[%emt 0:00:02]} Nc6 {[%emt 0:00:00]} 7. a3 {[%emt 0:00:01]} e5 {[%emt 0:00:01]} 8. d5 {[%emt 0:00:01]} Ne7 {[%emt 0:00:01]} 9. Nf3 {[%emt 0:00:01]} Ne8 {[%emt 0:00:03]} 10. h4 {[%emt 0:00:02]} f5 {[%emt 0:00:02]} 11. Bd2 {[%emt 0:00:02]} e4 {[%emt 0:00:01]} 12. Nxe4 {[%emt 0:00:01]} fxe4 {[%emt 0:00:01]} 13. Bxe4 {[%emt 0:00:01]} Bf5 {[%emt 0:00:00]} 14. Ng5 {[%emt 0:00:02]} Bxe4 {[%emt 0:00:01]} 15. Qxe4 {[%emt 0:00:01]} Nf6 {[%emt 0:00:01]} 16. Qd3 {[%emt 0:00:01]} Qd7 {[%emt 0:00:02]} 17. h5 {[%emt 0:00:01]} Nxh5 {[%emt 0:00:01]} 18. Rxh5 {[%emt 0:00:02]} Rf5 {[%emt 0:00:01]} 19. e4 {[%emt 0:00:04]} gxh5 {[%emt 0:00:06]} 20. exf5 {[%emt 0:00:02]} Qxf5 {[%emt 0:00:00]} 21. Ne4 {[%emt 0:00:04]} Ng6 {[%emt 0:00:02]} 22. O-O-O {[%emt 0:00:02]} Ne5 {[%emt 0:00:00]} 23. Qc2 {[%emt 0:00:05]} Re8 {[%emt 0:00:01]} 24. f3 {[%emt 0:00:02]} h4 {[%emt 0:00:02]} 25. Bc3 {[%emt 0:00:08]} h3 {[%emt 0:00:02]} 26. g4 {[%emt 0:00:03]} Qxf3 {[%emt 0:00:02]} 27. Ng5 {[%emt 0:00:02]} Nd3+ {[%emt 0:00:03]} 28. Rxd3 {[%emt 0:00:02]} Qf1+ {[%emt 0:00:02]} 29. Rd1 {[%emt 0:00:01]} Qxd1+ {[%emt 0:00:02]} 30. Qxd1 {[%emt 0:00:02]} h6 {[%emt 0:00:01] ' ' ' Âðåìÿ Âðåìÿ Âðåìÿ (Lag: Av=0.38s, max=0.9s) (Lag: Av=0.38s, max=0.9s) (Lag: Av=0.38s, max=0.9s)} 0-1

[Event "Stay Safe Play From Home 391"]
[Site "Emanuel Lasker Arena"]
[Date "2020.08.18"]
[Round "2"]
[White "NTBT_DHS"]
[Black "MihailoVujic"]
[Result "1-0"]
[WhiteElo "2540"]
[BlackElo "2184"]
[PlyCount "55"]
[EventDate "2020.08.18"]
[EventType "swiss (blitz)"]

1. e4 {[%emt 0:00:01]} e5 {[%emt 0:00:00]} 2. Nf3 {[%emt 0:00:00]} Nc6 {[%emt 0:00:00]} 3. Bc4 {[%emt 0:00:01]} Nf6 {[%emt 0:00:02]} 4. Ng5 {[%emt 0:00:00]} d5 {[%emt 0:00:01]} 5. exd5 {[%emt 0:00:00]} Nd4 {[%emt 0:00:00]} 6. O-O {[%emt 0:00:02]} b5 {[%emt 0:00:01]} 7. c3 {[%emt 0:00:01]} bxc4 {[%emt 0:00:03]} 8. cxd4 {[%emt 0:00:00]} Nxd5 {[%emt 0:00:02]} 9. Qf3 {[%emt 0:00:05]} Qxg5 {[%emt 0:00:10]} 10. Qxd5 {[%emt 0:00:01]} Rb8 {[%emt 0:00:00]} 11. d3 {[%emt 0:00:03]} Qg6 {[%emt 0:00:04]} 12. Qxe5+ {[%emt 0:00:01]} Be7 {[%emt 0:00:01]} 13. Re1 {[%emt 0:00:02]} Be6 {[%emt 0:00:10]} 14. d5 {[%emt 0:00:02]} Bd6 {[%emt 0:00:07]} 15. Qe3 {[%emt 0:00:04]} O-O {[%emt 0:00:02]} 16. dxe6 {[%emt 0:00:01]} cxd3 {[%emt 0:00:01]} 17. Nd2 {[%emt 0:00:03]} Rbe8 {[%emt 0:00:04]} 18. Nf3 {[%emt 0:00:07]} fxe6 {[%emt 0:00:02]} 19. Bd2 {[%emt 0:00:01]} e5 {[%emt 0:00:01]} 20. Qe4 {[%emt 0:00:01]} Qh5 {[%emt 0:00:01]} 21. Rac1 {[%emt 0:00:02]} Re6 {[%emt 0:00:01]} 22. Ng5 {[%emt 0:00:02]} Rg6 {[%emt 0:00:01]} 23. Qd5+ {[%emt 0:00:04]} Kh8 {[%emt 0:00:00]} 24. Ne4 {[%emt 0:00:04]} Qg4 {[%emt 0:00:01]} 25. Ng3 {[%emt 0:00:01]} h5 {[%emt 0:00:01]} 26. Qe4 {[%emt 0:00:01]} Qxe4 {[%emt 0:00:01]} 27. Nxe4 {[%emt 0:00:01]} h4 {[%emt 0:00:00]} 28. h3 {[%emt 0:00:00] Time Time Time (Lag: Av=1.01s, max=3.0s) (Lag: Av=1.01s, max=3.0s) (Lag: Av=1.01s, max=3.0s)} 1-0

[Event "Stay Safe Play From Home 391"]
[Site "Emanuel Lasker Arena"]
[Date "2020.08.18"]
[Round "2"]
[White "Tran Minh Thang"]
[Black "Stefanone"]
[Result "1-0"]
[WhiteElo "2437"]
[BlackElo "1971"]
[PlyCount "85"]
[EventDate "2020.08.18"]
[EventType "swiss (blitz)"]

1. b3 {[%emt 0:00:02]} d6 {[%emt 0:00:00]} 2. Bb2 {[%emt 0:00:00]} Nf6 {[%emt 0:00:01]} 3. Nf3 {[%emt 0:00:00]} Nbd7 {[%emt 0:00:01]} 4. e3 {[%emt 0:00:02]} g6 {[%emt 0:00:01]} 5. Be2 {[%emt 0:00:01]} Bg7 {[%emt 0:00:01]} 6. O-O {[%emt 0:00:00]} O-O {[%emt 0:00:01]} 7. c4 {[%emt 0:00:00]} e5 {[%emt 0:00:00]} 8. Nc3 {[%emt 0:00:00]} Qe7 {[%emt 0:00:01]} 9. d3 {[%emt 0:00:01]} c6 {[%emt 0:00:01]} 10. Nd2 {[%emt 0:00:00]} Ne8 {[%emt 0:00:01]} 11. e4 {[%emt 0:00:00]} f5 {[%emt 0:00:01]} 12. b4 {[%emt 0:00:00]} f4 {[%emt 0:00:01]} 13. b5 {[%emt 0:00:01]} Nef6 {[%emt 0:00:03]} 14. Qa4 {[%emt 0:00:01]} Nc5 {[%emt 0:00:02]} 15. Qa3 {[%emt 0:00:00]} Ne6 {[%emt 0:00:02]} 16. Nf3 {[%emt 0:00:08]} c5 {[%emt 0:00:01]} 17. Nd5 {[%emt 0:00:01]} Nxd5 {[%emt 0:00:01]} 18. cxd5 {[%emt 0:00:01]} Nd4 {[%emt 0:00:00]} 19. Bxd4 {[%emt 0:00:01]} cxd4 {[%emt 0:00:00]} 20. Nd2 {[%emt 0:00:01]} g5 {[%emt 0:00:01]} 21. Nc4 {[%emt 0:00:01]} Bd7 {[%emt 0:00:02]} 22. Qxd6 {[%emt 0:00:01]} Qf7 {[%emt 0:00:01]} 23. Nxe5 {[%emt 0:00:01]} Bxe5 {[%emt 0:00:01]} 24. Qxe5 {[%emt 0:00:00]} g4 {[%emt 0:00:01]} 25. g3 {[%emt 0:00:06]} f3 {[%emt 0:00:01]} 26. Bd1 {[%emt 0:00:01]} Rae8 {[%emt 0:00:01]} 27. Qg5+ {[%emt 0:00:04]} Kh8 {[%emt 0:00:02]} 28. Bb3 {[%emt 0:00:01]} Qe7 {[%emt 0:00:06]} 29. Qxe7 {[%emt 0:00:01]} Rxe7 {[%emt 0:00:00]} 30. Rfe1 {[%emt 0:00:00]} Re5 {[%emt 0:00:01]} 31. a4 {[%emt 0:00:01]} b6 {[%emt 0:00:01]} 32. Rac1 {[%emt 0:00:01]} Rc8 {[%emt 0:00:01]} 33. Rxc8+ {[%emt 0:00:00]} Bxc8 {[%emt 0:00:00]} 34. Rc1 {[%emt 0:00:00]} Bd7 {[%emt 0:00:01]} 35. Rc7 {[%emt 0:00:00]} Re7 {[%emt 0:00:01]} 36. d6 {[%emt 0:00:00]} Rg7 {[%emt 0:00:01]} 37. e5 {[%emt 0:00:01]} Bf5 {[%emt 0:00:02]} 38. Rxg7 {[%emt 0:00:02]} Kxg7 {[%emt 0:00:00]} 39. e6 {[%emt 0:00:01]} Kf8 {[%emt 0:00:02]} 40. e7+ {[%emt 0:00:01]} Ke8 {[%emt 0:00:01]} 41. Bd5 {[%emt 0:00:01]} Bd7 {[%emt 0:00:01]} 42. Be4 {[%emt 0:00:02]} h5 {[%emt 0:00:01]} 43. Bg6# {[%emt 0:00:01] (Lag: Av=0.54s, max=1.0s) (Lag: Av=0.54s, max=1.0s) (Lag: Av=0.54s, max=1.0s)} 1-0